[Event "Benidorm 2004 - sub2300"]
[Site "Benidorm ESP"]
[Date "2004.11.19"]
[Round "1.1"]
[White "Garcia, Eduardo"]
[Black "Rodriguez Moya, David"]
[Result "1-0"]
[WhiteElo "2298"]
[BlackElo "2147"]
[PlyCount "51"]
[EventDate "2004.11.19"]
[EventType "swiss"]
[EventRounds "9"]
[EventCountry "ESP"]
[Source "lmi"]
[SourceDate "2004.11.19"]

1. e4 d6 2. d4 Nf6 3. Nc3 c6 4. f4 Qa5 5. Bd3 e5 6. Nf3 Nbd7 7. Bd2 Qc7 8. O-O
Be7 9. fxe5 dxe5 10. dxe5 Nxe5 11. Nxe5 Qxe5 12. Bf4 Qa5 13. Kh1 Be6 14. Qe1
Qh5 15. Rf3 h6 16. Rg3 g5 17. Be5 Rg8 18. Nd5 cxd5 19. Bxf6 dxe4 20. Bb5+ Kf8
21. Bxe7+ Kxe7 22. Qxe4 Rgd8 23. Rf1 Rab8 24. Qe5 Qd1 25. Qf6+ Kf8 26. Qxh6+
1-0

[Event "Benidorm 2004 - sub2300"]
[Site "Benidorm ESP"]
[Date "2004.11.19"]
[Round "1.2"]
[White "Fabre Massana, Miquel"]
[Black "Garcia Garcia, Ruben"]
[Result "1/2-1/2"]
[WhiteElo "2144"]
[BlackElo "2297"]
[PlyCount "45"]
[EventDate "2004.11.19"]
[EventType "swiss"]
[EventRounds "9"]
[EventCountry "ESP"]
[Source "lmi"]
[SourceDate "2004.11.19"]

1. e4 c5 2. Nf3 Nc6 3. d4 cxd4 4. Nxd4 Nf6 5. Nc3 e5 6. Ndb5 d6 7. Bg5 a6 8.
Na3 b5 9. Bxf6 gxf6 10. Nd5 Bg7 11. c3 f5 12. exf5 Bxf5 13. Qf3 Bd7 14. Bd3 O-O
15. Bf5 e4 16. Qh3 Bxf5 17. Qxf5 Re8 18. Qh3 Ne5 19. O-O Re6 20. Nc2 Qg5 21.
Nd4 Rh6 22. Qf5 Qh4 23. Qf4 1/2-1/2

[Event "Benidorm 2004 - sub2300"]
[Site "Benidorm ESP"]
[Date "2004.11.19"]
[Round "1.3"]
[White "Dimitrov, Christo"]
[Black "Muñoz Navarro, Alberto"]
[Result "1-0"]
[WhiteElo "2290"]
[BlackElo "2141"]
[PlyCount "40"]
[EventDate "2004.11.19"]
[EventType "swiss"]
[EventRounds "9"]
[EventCountry "ESP"]
[Source "lmi"]
[SourceDate "2004.11.19"]

1. e4 e5 2. Bc4 Nf6 3. d3 Bc5 4. Nf3 d6 5. c3 O-O 6. Bb3 h6 7. O-O Nc6 8. Re1
Re8 9. h3 a6 10. Nbd2 b5 11. Nf1 Bb6 12. Ng3 Ne7 13. Nh4 Bd7 14. Qf3 Kh7 15.
Nh5 Ng6 16. Nxf6+ Qxf6 17. Qxf6 gxf6 18. Nf5 Bxf5 19. exf5 Nh4 20. Bd5 Rad8 1-0

[Event "Benidorm 2004 - sub2300"]
[Site "Benidorm ESP"]
[Date "2004.11.19"]
[Round "1.4"]
[White "Ridameya Tatche, Jose"]
[Black "Szmetan, Ricardo"]
[Result "0-1"]
[WhiteElo "2141"]
[BlackElo "2283"]
[PlyCount "81"]
[EventDate "2004.11.19"]
[EventType "swiss"]
[EventRounds "9"]
[EventCountry "ESP"]
[Source "lmi"]
[SourceDate "2004.11.19"]

1. e4 c5 2. Nf3 e6 3. b4 cxb4 4. d4 Nf6 5. Bd3 d5 6. e5 Nfd7 7. a3 Nc6 8. axb4
Nxb4 9. Be2 Be7 10. c3 Nc6 11. Bd3 a6 12. Na3 Rb8 13. Nc2 b5 14. O-O Nb6 15.
Bf4 Nc4 16. Qc1 h6 17. h3 g5 18. Be3 Rg8 19. Nh2 h5 20. Be2 Rh8 21. Qd1 Nb2 22.
Qc1 Na4 23. Bd2 Na5 24. Rb1 Qc7 25. Ne1 Nc4 26. Rb3 Na5 27. Rb1 Nc4 28. Rb3 Na5
29. Rb1 b4 30. cxb4 Qxc1 31. Bxc1 Nc3 32. Rb2 Rxb4 33. Bf3 Rxb2 34. Bxb2 Na4
35. Bc1 Bd7 36. Be2 Bb5 37. Bxb5+ axb5 38. Nd3 Nc4 39. f4 b4 40. fxg5 b3 41.
Rf2 0-1

[Event "Benidorm 2004 - sub2300"]
[Site "Benidorm ESP"]
[Date "2004.11.19"]
[Round "1.6"]
[White "Martin Mesa, Jose Maria"]
[Black "Minaya, Juan"]
[Result "1-0"]
[WhiteElo "2135"]
[BlackElo "2278"]
[PlyCount "47"]
[EventDate "2004.11.19"]
[EventType "swiss"]
[EventRounds "9"]
[EventCountry "ESP"]
[Source "lmi"]
[SourceDate "2004.11.19"]

1. e4 c5 2. Nf3 Nc6 3. c3 d5 4. exd5 Qxd5 5. d4 Bg4 6. Be2 e6 7. O-O Nf6 8. Be3
cxd4 9. Nxd4 Bxe2 10. Qxe2 Bd6 11. Rd1 Qe5 12. Nf3 Qd5 13. Rxd5 Nxd5 14. Nbd2
O-O 15. Ne4 Bc7 16. c4 Nxe3 17. Qxe3 Rad8 18. Qe2 e5 19. c5 Nd4 20. Nxd4 Rxd4
21. Rd1 Rfd8 22. Rxd4 Rxd4 23. g3 a6 24. Nd6 1-0

[Event "Benidorm 2004 - sub2300"]
[Site "Benidorm ESP"]
[Date "2004.11.19"]
[Round "1.7"]
[White "Van Hoolandt, Patrick"]
[Black "Reig Pinol, Armand"]
[Result "1-0"]
[WhiteElo "2269"]
[BlackElo "2133"]
[PlyCount "114"]
[EventDate "2004.11.19"]
[EventType "swiss"]
[EventRounds "9"]
[EventCountry "ESP"]
[Source "lmi"]
[SourceDate "2004.11.19"]

1. c4 d6 2. Nc3 e5 3. Nf3 f5 4. g3 Nc6 5. d4 e4 6. Nh4 g5 7. Ng2 Bg7 8. Be3 h6
9. h4 g4 10. Nf4 Kf7 11. Qd2 Nf6 12. Bg2 Ne7 13. O-O Ng6 14. f3 Nxf4 15. Bxf4
exf3 16. exf3 Kg6 17. Rae1 Re8 18. Qd3 Bd7 19. fxg4 Nxg4 20. Bxb7 Rb8 21. Bf3
Qf6 22. Ne2 h5 23. Bg5 Qf8 24. Nf4+ Kh7 25. Nxh5 Rxe1 26. Rxe1 Nf6 27. Nxg7
Qxg7 28. Re2 Kh8 29. b3 d5 30. Bxf6 Qxf6 31. Bxd5 c6 32. Bg2 Rg8 33. Qe3 Rg4
34. Qe5 Kg7 35. Qe7+ Qf7 36. Qxf7+ Kxf7 37. d5 Rxg3 38. Kf2 Rg6 39. Bf3 Rh6 40.
dxc6 Bxc6 41. Bxc6 Rxc6 42. Kf3 Ra6 43. Kf4 Kf6 44. Re5 Rxa2 45. Rxf5+ Kg6 46.
Rg5+ Kf6 47. Rb5 Rd2 48. h5 Rd3 49. Ke4 Rh3 50. Kd4 Ke6 51. b4 Rh4+ 52. Kd3
Rh3+ 53. Kc2 Kd6 54. Ra5 Rh2+ 55. Kb3 Rh3+ 56. Ka4 Rh1 57. h6 Ra1+ 1-0

[Event "Benidorm 2004 - sub2300"]
[Site "Benidorm ESP"]
[Date "2004.11.19"]
[Round "1.8"]
[White "Aalbersberg Kroon, Pedro"]
[Black "Bosque Ortega, Xavier"]
[Result "0-1"]
[WhiteElo "2131"]
[BlackElo "2267"]
[PlyCount "132"]
[EventDate "2004.11.19"]
[EventType "swiss"]
[EventRounds "9"]
[EventCountry "ESP"]
[Source "lmi"]
[SourceDate "2004.11.19"]

1. e4 c6 2. d4 d5 3. exd5 cxd5 4. c4 Nf6 5. Nc3 e6 6. Nf3 Be7 7. c5 O-O 8. Bd3
Nc6 9. O-O b6 10. cxb6 Qxb6 11. a3 a5 12. Re1 Ba6 13. Na4 Qa7 14. Bf4 Bxd3 15.
Qxd3 Ne4 16. Rac1 Rac8 17. Nc3 Nxc3 18. Rxc3 Qb6 19. Rec1 Na7 20. Rb3 Rxc1+ 21.
Bxc1 Qc6 22. Rc3 Qa4 23. h3 Rc8 24. Ne5 Rxc3 25. Qxc3 Bd6 26. Bf4 Qb5 27. g3
Bxe5 28. Bxe5 Nc6 29. Bd6 a4 30. f4 f6 31. Kf2 Kf7 32. g4 Qb6 33. Bc5 Qc7 34.
Kf3 g5 35. Qd2 Qxf4+ 36. Qxf4 gxf4 37. Kxf4 Kg6 38. h4 e5+ 39. dxe5 fxe5+ 40.
Kf3 h5 41. gxh5+ Kxh5 42. Bf2 Na5 43. Ke3 Nc4+ 44. Kd3 Nxb2+ 45. Kc2 Nc4 46.
Kc3 Nxa3 47. Kb4 Nb1 48. Kxa4 Nc3+ 49. Kb3 Ne4 50. Be1 Kg4 51. Kc2 Nd6 52. Kd3
Nf5 53. Bc3 e4+ 54. Ke2 Nxh4 55. Bd4 Nf5 56. Ba7 Ne7 57. Bc5 Nc6 58. Ke3 Kf5
59. Bb6 d4+ 60. Ke2 Ke5 61. Bc7+ Kd5 62. Kd2 e3+ 63. Kd3 Nb4+ 64. Ke2 Ke4 65.
Ba5 d3+ 66. Ke1 Nc2+ 0-1

[Event "Benidorm 2004 - sub2300"]
[Site "Benidorm ESP"]
[Date "2004.11.19"]
[Round "1.9"]
[White "Montilla Carrillo, Esteban"]
[Black "Vrban Damir"]
[Result "1/2-1/2"]
[WhiteElo "2267"]
[BlackElo "2121"]
[PlyCount "99"]
[EventDate "2004.11.19"]
[EventType "swiss"]
[EventRounds "9"]
[EventCountry "ESP"]
[Source "lmi"]
[SourceDate "2004.11.19"]

1. e4 Nf6 2. e5 Nd5 3. d4 d6 4. Nf3 Nb6 5. exd6 cxd6 6. Bd3 g6 7. O-O Bg7 8.
Re1 O-O 9. Bg5 Nc6 10. c3 h6 11. Bh4 f5 12. a4 Qe8 13. Bb5 g5 14. d5 a6 15.
Bxc6 bxc6 16. dxc6 Qxc6 17. Bxg5 hxg5 18. Qb3+ d5 19. Rxe7 Bf6 20. Re1 Bd7 21.
Nbd2 Nc4 22. Qc2 Rae8 23. b3 Nxd2 24. Qxd2 f4 25. Nd4 Qd6 26. Qd3 Be5 27. h3
Bg7 28. Rad1 Rxe1+ 29. Rxe1 Qc5 30. Nf3 Bf5 31. Qxa6 Qxc3 32. Qb5 Be4 33. Rd1
Bxf3 34. gxf3 Qxf3 35. Qxd5+ Qxd5 36. Rxd5 Rb8 37. Rxg5 Rxb3 38. Kg2 Ra3 39.
Rg4 Rxa4 40. Kf3 Ra3+ 41. Kxf4 Rxh3 42. Rg3 Rh5 43. Ra3 Rb5 44. f3 Kh7 45. Ra6
Bh6+ 46. Kg3 Rb4 47. Ra7+ Kg6 48. Ra6+ Kh7 49. Ra7+ Kg6 50. Ra6+ 1/2-1/2

[Event "Benidorm 2004 - sub2300"]
[Site "Benidorm ESP"]
[Date "2004.11.19"]
[Round "1.10"]
[White "Saldaña Caballe, Enric"]
[Black "Taboas Rodriguez, Daniel"]
[Result "0-1"]
[WhiteElo "2118"]
[BlackElo "2266"]
[PlyCount "130"]
[EventDate "2004.11.19"]
[EventType "swiss"]
[EventRounds "9"]
[EventCountry "ESP"]
[Source "lmi"]
[SourceDate "2004.11.19"]

1. e4 e5 2. Nf3 Nc6 3. Nc3 Nf6 4. d4 exd4 5. Nd5 Be7 6. Bc4 O-O 7. O-O d6 8.
Nxd4 Nxd5 9. Nxc6 bxc6 10. exd5 c5 11. Bd3 Rb8 12. c3 Bd7 13. Rb1 f5 14. f4 Bf6
15. Qc2 a5 16. Kh1 g6 17. Bd2 Qe8 18. Rfe1 Qf7 19. Bc4 a4 20. Qd3 Rfe8 21.
Rxe8+ Qxe8 22. Re1 Qc8 23. Bc1 Qf8 24. Re2 Qg7 25. Rc2 h6 26. g3 g5 27. Qf3 g4
28. Qd3 Kf7 29. Kg2 h5 30. Kg1 h4 31. a3 Qh7 32. Qe2 Re8 33. Qf2 Rh8 34. Qg2
Qg7 35. Bd2 Rh5 36. Be1 Qh8 37. Re2 Qb8 38. Rc2 Rh8 39. Qe2 Re8 40. Qf1 Kg6 41.
Re2 Rh8 42. Rc2 Qb7 43. Qd3 h3 44. Re2 Rb8 45. Ba6 Qb6 46. Bc4 Qb7 47. Ba6 Bb5
48. Bxb5 Qxb5 49. Qe3 Qc4 50. Qe6 Qd3 51. Rd2 Qf3 52. Rf2 Qd1 53. Rd2 Qb1 54.
Re2 c4 55. Kf1 Qd3 56. Kg1 Qf3 57. Rd2 Qe4 58. Qxe4 fxe4 59. f5+ Kf7 60. Re2 e3
61. Rxe3 Rxb2 62. Re4 Rg2+ 63. Kf1 Rxh2 64. Rxc4 Rh1+ 65. Kf2 Rxe1 0-1

[Event "Benidorm 2004 - sub2300"]
[Site "Benidorm ESP"]
[Date "2004.11.19"]
[Round "1.11"]
[White "Celaya Tapiz, Jose Maria"]
[Black "Olias Muñoz, Francisco"]
[Result "1-0"]
[WhiteElo "2265"]
[BlackElo "2116"]
[PlyCount "67"]
[EventDate "2004.11.19"]
[EventType "swiss"]
[EventRounds "9"]
[EventCountry "ESP"]
[Source "lmi"]
[SourceDate "2004.11.19"]

1. e4 c5 2. Nf3 d6 3. Bb5+ Bd7 4. Bxd7+ Qxd7 5. O-O Nf6 6. d3 Nc6 7. Bg5 e6 8.
Nc3 Be7 9. h3 O-O 10. Bf4 Nd4 11. e5 Nxf3+ 12. Qxf3 dxe5 13. Bxe5 Nd5 14. Ne4
f6 15. Bh2 Rad8 16. Rfe1 Nb4 17. Qe2 Rfe8 18. a3 Nc6 19. Qe3 b6 20. Nd2 Nd4 21.
Rac1 Bd6 22. Bxd6 Qxd6 23. a4 Qd5 24. b3 Qh5 25. Ne4 Rd5 26. Ng3 Qg6 27. Qe4 f5
28. Qh4 e5 29. f4 e4 30. dxe4 fxe4 31. Kh2 Nf5 32. Nxf5 Qxf5 33. Re2 Rd6 34.
Qf2 1-0

[Event "Benidorm 2004 - sub2300"]
[Site "Benidorm ESP"]
[Date "2004.11.19"]
[Round "1.12"]
[White "Torres Samper, Rafael"]
[Black "Lacrosse, Marc"]
[Result "0-1"]
[WhiteElo "2114"]
[BlackElo "2264"]
[PlyCount "60"]
[EventDate "2004.11.19"]
[EventType "swiss"]
[EventRounds "9"]
[EventCountry "ESP"]
[Source "lmi"]
[SourceDate "2004.11.19"]

1. e4 e5 2. Nf3 Nc6 3. Nc3 Nf6 4. Bb5 Bb4 5. O-O O-O 6. d3 d6 7. Bg5 Bxc3 8.
bxc3 h6 9. Bh4 Bd7 10. Re1 Ne7 11. Bxd7 Nxd7 12. d4 f6 13. Qd3 Rf7 14. Rad1 Qe8
15. Bg3 Nb6 16. Nd2 Qa4 17. Ra1 c5 18. Reb1 Rc8 19. d5 c4 20. Qf1 Qxc2 21. Qc1
Qd3 22. a4 f5 23. f3 fxe4 24. fxe4 Rcf8 25. a5 Nbxd5 26. exd5 Nxd5 27. Qe1 Nxc3
28. Rd1 Nxd1 29. Rxd1 Qd4+ 30. Kh1 Qxd2 0-1

[Event "Benidorm 2004 - sub2300"]
[Site "Benidorm ESP"]
[Date "2004.11.19"]
[Round "1.13"]
[White "Roofthoofd, Marcel"]
[Black "Correas Gonzalez, Jose Ramon"]
[Result "1-0"]
[WhiteElo "2262"]
[BlackElo "2113"]
[PlyCount "62"]
[EventDate "2004.11.19"]
[EventType "swiss"]
[EventRounds "9"]
[EventCountry "ESP"]
[Source "lmi"]
[SourceDate "2004.11.19"]

1. e4 c5 2. Nf3 d6 3. d4 cxd4 4. Nxd4 Nf6 5. Nc3 a6 6. f4 e5 7. Nf3 Nbd7 8. a4
Be7 9. Bd3 O-O 10. O-O b6 11. Kh1 Bb7 12. Qe1 Re8 13. fxe5 Nxe5 14. Nxe5 dxe5
15. Qg3 Qd6 16. Be3 Rac8 17. Rad1 Rxc3 18. bxc3 Qc7 19. Qf3 Qc6 20. Rb1 Bc5 21.
Bg5 Re6 22. Bxf6 Rxf6 23. Qe2 Rxf1+ 24. Rxf1 Qxa4 25. Bc4 Kh8 26. Qd3 h5 27.
Rxf7 b5 28. Qd8+ Kh7 29. Qg5 Bf8 30. Qxh5+ Kg8 31. Rxf8+ Kxf8 1-0

[Event "Benidorm 2004 - sub2300"]
[Site "Benidorm ESP"]
[Date "2004.11.19"]
[Round "1.14"]
[White "Rodriguez Perez, Jorge"]
[Black "Renteria, Jorge"]
[Result "1/2-1/2"]
[WhiteElo "2112"]
[BlackElo "2259"]
[PlyCount "97"]
[EventDate "2004.11.19"]
[EventType "swiss"]
[EventRounds "9"]
[EventCountry "ESP"]
[Source "lmi"]
[SourceDate "2004.11.19"]

1. e4 c5 2. Nf3 d6 3. d4 cxd4 4. Nxd4 Nf6 5. Nc3 a6 6. Bg5 e6 7. f4 Be7 8. Qf3
Qc7 9. O-O-O Nbd7 10. Bd3 h6 11. Bh4 g5 12. fxg5 Ne5 13. Qe2 Nfg4 14. h3 hxg5
15. Bg3 Nf6 16. Nf3 Nfd7 17. Nxe5 Nxe5 18. Rhf1 b5 19. Bxe5 dxe5 20. Qf3 f6 21.
g3 Bd7 22. h4 gxh4 23. gxh4 O-O-O 24. h5 Qb6 25. Ne2 Rdg8 26. Rg1 Rxg1 27. Rxg1
Qa5 28. Kb1 Bd8 29. Qg4 Qd2 30. a4 Qg5 31. Qf3 Qxh5 32. Qe3 Kb7 33. Rg7 Rh7 34.
Rxh7 Qxh7 35. axb5 axb5 36. Nc3 Bb6 37. Qf3 b4 38. Ne2 Qh4 39. Qg2 Qh7 40. c3
b3 41. Nc1 Ba4 42. Bc4 Bc6 43. Bd3 f5 44. Qe2 f4 45. Qg2 Qh5 46. Be2 Qh4 47.
Nxb3 Ba4 48. Qg7+ Kc6 49. Qxe5 1/2-1/2

[Event "Benidorm 2004 - sub2300"]
[Site "Benidorm ESP"]
[Date "2004.11.19"]
[Round "1.15"]
[White "Ballesteros Gonzalez, David"]
[Black "Frances Saez, Juan Vicente"]
[Result "1-0"]
[WhiteElo "2248"]
[BlackElo "2111"]
[PlyCount "85"]
[EventDate "2004.11.19"]
[EventType "swiss"]
[EventRounds "9"]
[EventCountry "ESP"]
[Source "lmi"]
[SourceDate "2004.11.19"]

1. d4 Nf6 2. Nf3 g6 3. c4 Bg7 4. Nc3 O-O 5. e4 d6 6. h3 Nbd7 7. Be3 e5 8. d5
Nc5 9. Qc2 a5 10. O-O-O b6 11. g4 h5 12. g5 Nh7 13. Be2 Bd7 14. h4 Qe7 15. Rhg1
Kh8 16. Nd2 f5 17. gxf6 Rxf6 18. Nf3 Qf7 19. Ng5 Qg8 20. Rdf1 Raf8 21. Qd1 Be8
22. f4 Nxg5 23. hxg5 Rxf4 24. Bxf4 Rxf4 25. Bf3 Qf8 26. Kc2 Qe7 27. Ne2 Rf8 28.
b3 Rf4 29. Ng3 h4 30. Ne2 Bd7 31. Nc3 Kg8 32. Bg4 Nxe4 33. Bxd7 Qxd7 34. Nxe4
Rxe4 35. Qd3 Rd4 36. Qxg6 e4 37. Re1 Rxc4+ 38. Kb1 Rd4 39. Rxe4 Rxe4 40. Qxe4
Qb5 41. Qe6+ Kh8 42. Qc8+ Kh7 43. Qf5+ 1-0

[Event "Benidorm 2004 - sub2300"]
[Site "Benidorm ESP"]
[Date "2004.11.20"]
[Round "2.2"]
[White "De La Fuente Mayan, Alfredo"]
[Black "Dimitrov, Christo"]
[Result "1-0"]
[WhiteElo "2174"]
[BlackElo "2290"]
[PlyCount "121"]
[EventDate "2004.11.19"]
[EventType "swiss"]
[EventRounds "9"]
[EventCountry "ESP"]
[Source "lmi"]
[SourceDate "2004.11.19"]

1. e4 c5 2. Nc3 Nc6 3. Bb5 Nd4 4. Bc4 e6 5. Nf3 g6 6. d3 Bg7 7. O-O a6 8. a4
Ne7 9. Nxd4 cxd4 10. Ne2 d5 11. Bb3 dxe4 12. dxe4 Nc6 13. Ng3 h5 14. f4 h4 15.
Nh1 f5 16. Nf2 Bd7 17. Re1 Rh6 18. Qd3 Qe7 19. c3 O-O-O 20. e5 Rh7 21. cxd4 Nb4
22. Qc4+ Kb8 23. Qc5 Qxc5 24. dxc5 Bc6 25. Be3 Bf8 26. Rad1 Bd5 27. Bxd5 Nxd5
28. g3 hxg3 29. hxg3 Rc7 30. Rc1 Nxe3 31. Rxe3 Rd2 32. b4 a5 33. Rd3 Rxd3 34.
Nxd3 axb4 35. Rc4 Ka7 36. Rxb4 Rxc5 37. Rd4 Rc3 38. Kg2 Kb6 39. Rd8 Ba3 40. Ne1
Rc1 41. Nf3 Rc2+ 42. Kh3 Rc3 43. Ng5 Be7 44. Re8 Bxg5 45. fxg5 Rc6 46. Rg8 Kc5
47. Rxg6 Kd5 48. Rg7 Rc4 49. a5 Kxe5 50. Rxb7 Ra4 51. Rb5+ Kd6 52. g6 Ke7 53.
Rb7+ Kf8 54. Ra7 Kg8 55. a6 e5 56. g4 fxg4+ 57. Kh4 Kh8 58. Rh7+ Kg8 59. Ra7
Kh8 60. Rh7+ Kg8 61. a7 1-0

[Event "Benidorm 2004 - sub2300"]
[Site "Benidorm ESP"]
[Date "2004.11.20"]
[Round "2.3"]
[White "Szmetan, Ricardo"]
[Black "Palma Macias, Jose Alberto"]
[Result "1-0"]
[WhiteElo "2283"]
[BlackElo "2164"]
[PlyCount "107"]
[EventDate "2004.11.19"]
[EventType "swiss"]
[EventRounds "9"]
[EventCountry "ESP"]
[Source "lmi"]
[SourceDate "2004.11.19"]

1. d4 Nf6 2. c4 g6 3. Nc3 Bg7 4. e4 d6 5. f4 O-O 6. Nf3 Na6 7. Be2 e5 8. fxe5
dxe5 9. d5 Ne8 10. O-O c5 11. dxc6 Qxd1 12. Rxd1 bxc6 13. Be3 Bg4 14. h3 Bxf3
15. gxf3 Nec7 16. Rd6 Ne6 17. c5 Naxc5 18. Rxc6 Rfc8 19. Rxc8+ Rxc8 20. Nd5 Bf8
21. Rc1 a5 22. Nf6+ Kg7 23. Nd7 f6 24. Nxf8 Kxf8 25. b3 Rc7 26. Bd2 Ra7 27. b4
axb4 28. Bxb4 Rc7 29. a4 Kf7 30. a5 Na6 31. Rxc7+ Nexc7 32. Bc4+ Ke8 33. Ba3
Kd7 34. Kf2 Nb8 35. Bc5 Nba6 36. Bb6 Kc6 37. Bg8 h6 38. Bf7 g5 39. Kg3 Nb4 40.
Kg4 Nd3 41. Kf5 Nf4 42. Kxf6 Nxh3 43. Kxe5 Nf4 44. Kf6 Na8 45. Be3 Nc7 46. Bxf4
gxf4 47. Bc4 Kc5 48. Bf1 Kd4 49. a6 h5 50. a7 h4 51. e5 Nd5+ 52. Kf5 Nc7 53.
Kxf4 Kd5 54. Kf5 1-0

[Event "Benidorm 2004 - sub2300"]
[Site "Benidorm ESP"]
[Date "2004.11.20"]
[Round "2.4"]
[White "Angel Acosta, Juan Carlos"]
[Black "Goormachtigh, Johan"]
[Result "1-0"]
[WhiteElo "2169"]
[BlackElo "2279"]
[PlyCount "67"]
[EventDate "2004.11.19"]
[EventType "swiss"]
[EventRounds "9"]
[EventCountry "ESP"]
[Source "lmi"]
[SourceDate "2004.11.19"]

1. d4 Nf6 2. Nf3 g6 3. c4 Bg7 4. Nc3 d5 5. cxd5 Nxd5 6. Na4 O-O 7. e4 Nb6 8.
Be3 Nxa4 9. Qxa4 c5 10. Be2 Bd7 11. Qa3 cxd4 12. Nxd4 Nc6 13. Nb3 b6 14. O-O
Qb8 15. Rfd1 Be6 16. Rac1 Bxb3 17. Qxb3 Na5 18. Qa3 Qe5 19. b4 Nb7 20. f4 Qb8
21. e5 a5 22. b5 Nc5 23. Bf3 Ra7 24. Bxc5 bxc5 25. Qxc5 g5 26. g3 gxf4 27. gxf4
a4 28. b6 Ra6 29. b7 Kh8 30. Kh1 Rh6 31. Qxe7 Qa7 32. Qc5 Qa6 33. Qxf8+ Bxf8
34. b8=Q 1-0

[Event "Benidorm 2004 - sub2300"]
[Site "Benidorm ESP"]
[Date "2004.11.20"]
[Round "2.5"]
[White "Moran Rodriguez, Luciano"]
[Black "Van Hoolandt, Patrick"]
[Result "0-1"]
[WhiteElo "2159"]
[BlackElo "2269"]
[PlyCount "45"]
[EventDate "2004.11.19"]
[EventType "swiss"]
[EventRounds "9"]
[EventCountry "ESP"]
[Source "lmi"]
[SourceDate "2004.11.19"]

1. d4 Nf6 2. c4 e6 3. Nc3 Bb4 4. Qc2 O-O 5. a3 Bxc3+ 6. Qxc3 b6 7. Nf3 Bb7 8.
e3 d6 9. Be2 Nbd7 10. O-O Qe7 11. b4 Ne4 12. Qc2 c5 13. Bb2 f5 14. Rad1 a5 15.
dxc5 bxc5 16. b5 Nb6 17. Rfe1 e5 18. Bf1 Rf6 19. Nd2 Rh6 20. f4 exf4 21. exf4
Qh4 22. Nf3 Qxf4 23. h3 0-1

[Event "Benidorm 2004 - sub2300"]
[Site "Benidorm ESP"]
[Date "2004.11.20"]
[Round "2.6"]
[White "Bosque Ortega, Xavier"]
[Black "Sanz Montarelo, Teodoro"]
[Result "0-1"]
[WhiteElo "2267"]
[BlackElo "2162"]
[PlyCount "99"]
[EventDate "2004.11.19"]
[EventType "swiss"]
[EventRounds "9"]
[EventCountry "ESP"]
[Source "lmi"]
[SourceDate "2004.11.19"]

1. d4 g6 2. Nf3 Bg7 3. e4 c5 4. c3 cxd4 5. cxd4 Nf6 6. Nc3 O-O 7. e5 Ne8 8. Be2
d6 9. O-O Nc6 10. Bf4 dxe5 11. dxe5 Nc7 12. Qc1 Ne6 13. Rd1 Qa5 14. Rd5 Qb6 15.
Be3 Qc7 16. Nb5 Qb8 17. Bh6 Nc7 18. Nxc7 Qxc7 19. Bxg7 Kxg7 20. Bb5 Bg4 21. Nd4
Rfd8 22. Bxc6 bxc6 23. Nb5 Qb6 24. Rxd8 Rxd8 25. Nc3 Rb8 26. b3 Qc5 27. Qe1 Rd8
28. h3 Be6 29. Rc1 Qb4 30. Qe3 Qa3 31. Re1 Qa5 32. Na4 Rd5 33. Qc3 Qb5 34. Rc1
h5 35. Nc5 Qe2 36. Nxe6+ fxe6 37. Qxc6 Qxe5 38. Qb7 Qg5 39. Re1 a5 40. Qc6 Rd6
41. Qc3+ Kf7 42. Qf3+ Kg7 43. Qe3 Qf5 44. Qe5+ Kf7 45. Re3 Kg8 46. Qa1 Rd2 47.
Rf3 Qd5 48. Qc3 Qd8 49. Qe3 Qd6 50. Qe4 0-1

[Event "Benidorm 2004 - sub2300"]
[Site "Benidorm ESP"]
[Date "2004.11.20"]
[Round "2.7"]
[White "Taboas Rodriguez, Daniel"]
[Black "Gonzalez Aguirre, Luis"]
[Result "1-0"]
[WhiteElo "2266"]
[BlackElo "2154"]
[PlyCount "65"]
[EventDate "2004.11.19"]
[EventType "swiss"]
[EventRounds "9"]
[EventCountry "ESP"]
[Source "lmi"]
[SourceDate "2004.11.19"]

1. d4 Nf6 2. Nf3 e6 3. c4 d5 4. Nc3 Bb4 5. a3 Bxc3+ 6. bxc3 c5 7. e3 O-O 8. a4
b6 9. Ba3 Qc7 10. Bd3 Rd8 11. cxd5 exd5 12. O-O c4 13. Bc2 Ne4 14. Qe1 Nd7 15.
Nh4 Ndf6 16. f3 Ng5 17. e4 Re8 18. e5 Nh5 19. Nf5 Bxf5 20. Bxf5 g6 21. Bc2 f5
22. g4 Nf4 23. gxf5 gxf5 24. Kh1 Kh8 25. Qh4 Nge6 26. Bxf5 Qf7 27. Qf6+ Qxf6
28. exf6 Ng5 29. Bc1 Nge6 30. f7 Re7 31. Re1 Rxf7 32. Bxe6 Re8 33. Bxf4 1-0

[Event "Benidorm 2004 - sub2300"]
[Site "Benidorm ESP"]
[Date "2004.11.20"]
[Round "2.8"]
[White "Frasquet Solbes, Elias"]
[Black "Celaya Tapiz, Jose Maria"]
[Result "0-1"]
[WhiteElo "2152"]
[BlackElo "2265"]
[PlyCount "130"]
[EventDate "2004.11.19"]
[EventType "swiss"]
[EventRounds "9"]
[EventCountry "ESP"]
[Source "lmi"]
[SourceDate "2004.11.19"]

1. d4 Nf6 2. Nf3 g6 3. c4 Bg7 4. Nc3 d5 5. cxd5 Nxd5 6. e4 Nxc3 7. bxc3 O-O 8.
Be3 c5 9. Qd2 cxd4 10. cxd4 Bg4 11. Rb1 Bxf3 12. gxf3 Nc6 13. d5 Na5 14. Be2 b6
15. O-O Rc8 16. Rbc1 Qd7 17. Rxc8 Rxc8 18. Rc1 h5 19. Kg2 Rxc1 20. Qxc1 e6 21.
Qd2 exd5 22. Qxd5 Qxd5 23. exd5 Nb7 24. Bf4 Bf8 25. Be5 Bc5 26. Bf6 Kf8 27. Ba6
Nd6 28. a4 Ne8 29. Be5 Bd6 30. Bd4 Ke7 31. Bb5 Nc7 32. Bc6 f6 33. a5 Bc5 34.
axb6 axb6 35. Be3 Kd6 36. Ba4 Nxd5 37. Bd2 g5 38. f4 gxf4 39. h4 Ke5 40. Be8 f5
41. Kf3 Be7 42. Bxh5 Bxh4 43. Be8 Be7 44. Bd7 Bd6 45. Bc6 Kd4 46. Bc1 Nb4 47.
Bb2+ Kc4 48. Bd7 Nd3 49. Be6+ Kb4 50. Bd4 b5 51. Bxf5 Kc4 52. Bf6 b4 53. Ke2
Nc5 54. Kd2 Kd5 55. f3 Be5 56. Be7 Bd6 57. Bf6 Kc4 58. Kc2 b3+ 59. Kb2 Na4+ 60.
Kb1 Bc5 61. Be6+ Kb4 62. Be5 Ka3 63. Bxb3 Kxb3 64. Bxf4 Nc3+ 65. Ka1 Ba3 0-1

[Event "Benidorm 2004 - sub2300"]
[Site "Benidorm ESP"]
[Date "2004.11.20"]
[Round "2.9"]
[White "Lacrosse, Marc"]
[Black "Martin Mesa, Jose Maria"]
[Result "1-0"]
[WhiteElo "2264"]
[BlackElo "2135"]
[PlyCount "74"]
[EventDate "2004.11.19"]
[EventType "swiss"]
[EventRounds "9"]
[EventCountry "ESP"]
[Source "lmi"]
[SourceDate "2004.11.19"]

1. d4 Nf6 2. c4 e5 3. dxe5 Ng4 4. Bf4 Nc6 5. Nf3 Bb4+ 6. Nbd2 Qe7 7. a3 Ngxe5
8. Nxe5 Nxe5 9. e3 Bxd2+ 10. Qxd2 d6 11. Qc3 O-O 12. c5 Ng6 13. cxd6 cxd6 14.
Bg3 Be6 15. Be2 Nh4 16. O-O Rac8 17. Qd4 Nf5 18. Qxa7 Nxg3 19. hxg3 Rc2 20. Bf3
Rxb2 21. Rab1 Qf6 22. Rxb2 Qxb2 23. Bxb7 Bc4 24. Rd1 Be2 25. Rxd6 Qb1+ 26. Kh2
h5 27. Bd5 h4 28. gxh4 Qf5 29. Qd4 Qxf2 30. Qf4 Qe1 31. Rd7 Bh5 32. Qg3 Qa5 33.
Qg5 Qa4 34. Rb7 Be2 35. Rxf7 Rxf7 36. Qd8+ Kh7 37. Bxf7 Bd3 1-0

[Event "Benidorm 2004 - sub2300"]
[Site "Benidorm ESP"]
[Date "2004.11.20"]
[Round "2.10"]
[White "Vicente Torrecillas, Francisco Javier"]
[Black "Roofthoofd, Marcel"]
[Result "1/2-1/2"]
[WhiteElo "2110"]
[BlackElo "2262"]
[PlyCount "36"]
[EventDate "2004.11.19"]
[EventType "swiss"]
[EventRounds "9"]
[EventCountry "ESP"]
[Source "lmi"]
[SourceDate "2004.11.19"]

1. d4 e6 2. c4 Nf6 3. Nc3 d5 4. Bg5 c6 5. e3 Nbd7 6. Nf3 Qa5 7. Nd2 dxc4 8.
Bxf6 Nxf6 9. Bxc4 Be7 10. O-O O-O 11. Nf3 b5 12. Bd3 a6 13. Ne5 Qb6 14. Ne4 Nd7
15. Qh5 f5 16. Ng5 Bxg5 17. Nxd7 Bxd7 18. Qxg5 Rae8 1/2-1/2